000 01285nam a2200337 a 4500
001 000114815
003 CHAP
005 20220329144459.0
008 180418s2018 mx |sm |||||||spa d
010 _a111276
011 _a112248
040 _cCHAP
090 _aTesis
100 1 _aMiranda Herrera, Amayrani
_9135171
245 1 0 _aCaracterización morfológica de la cenicilla de Dahlia pinnata Cav. en Atlixco, Puebla
_h[En línea]
_cpor Amayrani Miranda Herrera.
260 _aChapingo, Méx. :
_bEl autor,
_c2018.
500 _aPara ver el contenido del material haga clic en la liga
502 _aTesis (Ing. Agr. Esp. en Parasitología Agrícola) -- UACH. Departamento de Parasitología Agrícola
590 _aBATCH-UPD
_b05
_c20180418
_lUCH01
_h1358
590 _aE6337LMJ
_b05
_c20180418
_lUCH01
_h1357
590 _aE6337LMJ
_b05
_c20180418
_lUCH01
_h1400
590 _aE6337LMJ
_b05
_c20180418
_lUCH01
_h1409
650 1 4 _aCenicilla de la dalia.
_9135174
650 1 4 _aDalia
_xEnfermedades por hongos.
_9135172
650 1 4 _aDalia
_xFisiología y morfología.
_930946
650 1 4 _aGolovinomyces cicharacearum
_xIdentificación.
_9135173
856 _aFinding aid
_uhttp://10.13.5.2/tesis/sist114815.pdf
_zTeclea aquí
901 _aBK
942 _cTESIS
942 _n0
999 _c111276
_d111276